| 000 | 00722cab a2200193 4500 | ||
|---|---|---|---|
| 001 | WB2707-25 | ||
| 008 | 090401t1991 xxu||||| |||| 00| 0 eng d | ||
| 035 | _a(Sirsi) u8640 | ||
| 041 | _aeng | ||
| 245 | _aRent review | ||
| 260 | _c1991 | ||
| 350 | _a0 | ||
| 490 |
_aEGCS _v1991 9 |
||
| 520 | _aIn Wyndham Investments Ltd v Motorway Tyres and Accessories Ltd CA 28 January 1991, it was held that the words in the periodic rent review clause meant the RPI figure immediately before the review date and therefore, there was no reason to use the original base date under the RPI current at the date of the lease. | ||
| 650 | _aINDEXATION | ||
| 690 | _aLANDLORD AND TENANT-CASE LAW | ||
| 942 | _n0 | ||
| 948 | _c04/03/1997 | ||
| 999 |
_c5354 _d5354 |
||